[Event "La Palma Island op"]
[Site "Santa Cruz de La Palma"]
[Date "2017.08.13"]
[Round "3"]
[White "Brito Garcia, Alfredo"]
[Black "Korneev, Svyatoslav"]
[Result "1-0"]
[WhiteElo "2351"]
[BlackElo "2168"]
[PlyCount "117"]
[EventDate "2017.08.12"]
[EventType "swiss"]
[EventRounds "9"]
[EventCountry "ESP"]
[SourceTitle "EXT 2019"]
[Source "ChessBase"]
[SourceDate "2018.10.10"]
[SourceVersion "1"]
[SourceVersionDate "2018.10.10"]
[SourceQuality "1"]

1. Nf3 Nf6 2. g3 b5 3. Bg2 Bb7 4. 0-0 e6 5. d3 Be7 6. e4 d6 7. Nbd2 Nbd7 8. a4 a6 9. Re1 c5 10. d4 e5 11. dxe5 dxe5 12. b3 Qc7 13. Bf1 Qb8 14. Bb2 Bc6 15. axb5 axb5 16. Rxa8 Qxa8 17. Nxe5 Nxe5 18. Bxe5 0-0 19. Bd3 Rd8 20. Qe2 Qb7 21. Bb2 Qd7 22. Nf3 Qg4 23. Ne5 Qxe2 24. Rxe2 Be8 25. Re1 Ra8 26. Ra1 Rxa1+ 27. Bxa1 Bd8 28. Nf3 Bc6 29. Nd2 Ba5 30. c3 Kf8 31. Kf1 Ke7 32. Ke2 Ng4 33. h3 Ne5 34. Bc2 f6 35. f4 Nf7 36. b4 cxb4 37. Nb3 Bb6 38. cxb4 Bd7 39. Bd4 Bc7 40. h4 Nd6 41. Bc5 Bg4+ 42. Ke3 Kd7 43. Nd4 Kc8 44. Bb3 Nc4+ 45. Kd3 Bh3 46. Nxb5 Bf1+ 47. Kd4 Nb6 48. Nxc7 Kxc7 49. Bxb6+ Kxb6 50. Bc4 Bg2 51. e5 Bf3 52. Bf7 Bd1 53. Bg8 fxe5+ 54. fxe5 h6 55. Bc4 Bf3 56. e6 Kc6 57. Ke5 Bd1 58. Bd5+ Kc7 59. b5 1-0

[Event "Isla de la Palma Bonita op 2nd"]
[Site "Isla de la Palma"]
[Date "2017.04.12"]
[Round "7"]
[White "Cubas Cabrera, Angel Luis"]
[Black "Brito Garcia, Alfredo"]
[Result "0-1"]
[WhiteElo "1988"]
[BlackElo "2343"]
[PlyCount "174"]
[EventDate "2017.04.08"]
[EventType "swiss"]
[EventRounds "7"]
[EventCountry "ESP"]
[SourceTitle "CBM 177 Extra"]
[Source "ChessBase"]
[SourceDate "2017.04.27"]
[SourceVersion "1"]
[SourceVersionDate "2017.04.27"]
[SourceQuality "1"]

1. d4 Nf6 2. c4 g6 3. Nf3 Bg7 4. g3 0-0 5. Bg2 d6 6. Nc3 a6 7. 0-0 Nc6 8. h3 Rb8 9. e4 b5 10. e5 dxe5 11. dxe5 Nd7 12. e6 fxe6 13. cxb5 axb5 14. Qe2 b4 15. Ne4 Nb6 16. Bg5 Rf5 17. Rac1 Qe8 18. Qc2 Nd4 19. Nxd4 Bxd4 20. Qxc7 Bb7 21. h4 Nd5 22. Qc4 Bxb2 23. Rc2 Bg7 24. Nc5 Rc8 25. Qb3 Qc6 26. Rcc1 Bc3 27. Nxb7 Qxb7 28. a3 Rb8 29. axb4 Qxb4 30. Qxb4 Bxb4 31. Rb1 Nc3 32. Rb2 Rfb5 33. Bh3 Kf7 34. Re1 R5b6 35. Bd2 Nd5 36. Bxb4 Nxb4 37. Reb1 Nd5 38. Rxb6 Rxb6 39. Re1 Kf6 40. Kg2 h5 41. Kg1 e5 42. Bg2 Nc7 43. Be4 Ne8 44. Kg2 Nd6 45. Bc2 Rb2 46. Bb1 Rd2 47. Kf3 Nf5 48. Kg2 Nd4 49. Be4 Ne6 50. Bb1 Nc5 51. Kf3 Ne6 52. Kg2 Nd4 53. Be4 Ne2 54. Kf3 Nc3 55. Bb7 Rd7 56. Bc6 Rc7 57. Ba8 e6 58. Rc1 Ra7 59. Bc6 Ra3 60. Re1 Nd5+ 61. Ke4 Ra6 62. Bxd5 Ra4+ 63. Bc4 Rxc4+ 64. Ke3 Kf5 65. Ra1 Rc3+ 66. Kd2 Rb3 67. Ra4 e4 68. Ke2 e5 69. Ra5 Rc3 70. Rb5 Ra3 71. Rc5 Ra2+ 72. Ke3 Ra6 73. Rd5 Ra3+ 74. Kd2 e3+ 75. fxe3 Ra2+ 76. Kd3 Ra3+ 77. Kd2 Ra2+ 78. Kd3 Rg2 79. e4+ Ke6 80. Ra5 Rxg3+ 81. Ke2 Rg4 82. Ra6+ Kf7 83. Ra5 Rxe4+ 84. Kf3 Rf4+ 85. Kg3 Kf6 86. Ra8 Rg4+ 87. Kh3 Kf5 0-1